000 00458nam a2200169Ia 4500
001 71669
008 160401s9999 xx 000 0 und d
020 _a9788418391142
040 _cPK-LaUMT
082 _a 712
_bLAN-
100 _aManaugh, Geoff
245 _aLandscape futures
_binstruments, devices and architectural inventions
_cManaugh, Geoff
260 _aNevada,USA:
_bNevada Museum of Art,
_c2011
300 _a306 p.
546 _aEN
942 _cBK
999 _c84676
_d84676